000
00268nam a22001337a 4500
020
_a
0-7214-0827-3
082
_a
823
_b
CAM/T
100
_a
CAMERON, JOAN
245
_a
THE TINDER BOX
260
_a
UK
300
_a
51
650
_a
ENGLISH SHORT STORY
_z
UK
942
_c
BK
999
_c
3969
_d
3969